Normal view
MARC view
Entry Personal Name
001 - CONTROL NUMBER
- control field: 622158
003 - CONTROL NUMBER IDENTIFIER
- control field:
005 - DATE AND TIME OF LATEST TRANSACTION
- control field: 20210603150329.0
008 - FIXED-LENGTH DATA ELEMENTS
- fixed length control field: 210603|| aca||aabn | a|a d
040 ## - CATALOGING SOURCE
- Original cataloging agency:
- Transcribing agency:
100 ## - HEADING--PERSONAL NAME
- Personal name: Hilt, Donald E
670 ## - SOURCE DATA FOUND
- Source citation: Work cat.: (): Hilt, Donald E., A test of commercial thinning on the hemlock experimental forest /, 1977
